Evaluation methods in research (Record no. 4908)
[ view plain ]
| 000 -LEADER | |
|---|---|
| fixed length control field | 00520 a2200193 4500 |
| 020 ## - INTERNATIONAL STANDARD BOOK NUMBER | |
| International Standard Book Number | 0-8264-6478-5 |
| 035 ## - SYSTEM CONTROL NUMBER | |
| System control number | (Uk)0826464785 |
| 040 ## - CATALOGING SOURCE | |
| Original cataloging agency | DLC |
| Language of cataloging | DLC |
| 082 04 - DEWEY DECIMAL CLASSIFICATION NUMBER | |
| Classification number | 001.4 |
| 100 1# - MAIN ENTRY--PERSONAL NAME | |
| Personal name | Bennett, Judith |
| 245 10 - TITLE STATEMENT | |
| Title | Evaluation methods in research |
| Statement of responsibility, etc. | Judith Bennett |
| 260 ## - PUBLICATION, DISTRIBUTION, ETC. | |
| Place of publication, distribution, etc. | New York ; |
| -- | London : |
| Name of publisher, distributor, etc. | Continuum, |
| Date of publication, distribution, etc. | cop.2003 |
| 300 ## - PHYSICAL DESCRIPTION | |
| Extent | 112 s. ; |
| Dimensions | 22cm |
| 440 #0 - SERIES STATEMENT/ADDED ENTRY--TITLE | |
| Title | Continuum research methods |
| 650 #0 - SUBJECT ADDED ENTRY--TOPICAL TERM | |
| Topical term or geographic name entry element | Research |
| General subdivision | Evaluation |
| 650 #0 - SUBJECT ADDED ENTRY--TOPICAL TERM | |
| Topical term or geographic name entry element | Research |
| 650 #0 - SUBJECT ADDED ENTRY--TOPICAL TERM | |
| Topical term or geographic name entry element | Evaluation Studies |
| 942 ## - ADDED ENTRY ELEMENTS (KOHA) | |
| Koha item type | Book |
| Call number prefix | 001.4 BEN |
| Source of classification or shelving scheme | |
| Withdrawn status | Lost status | Damaged status | Not for loan | Collection code | Permanent Location | Current Location | Shelving location | Date acquired | Source of acquisition | Cost, normal purchase price | Total Checkouts | Full call number | Barcode | Date last seen | Price effective from | Koha item type |
|---|---|---|---|---|---|---|---|---|---|---|---|---|---|---|---|---|
| Computer Science | Central Library (CL) | Central Library (CL) | First Floor - Computer Science | 09/01/2004 | Allied Book Company | 1468.62 | 001.4 BEN | SEECS004717 | 11/14/2012 | 01/05/2017 | Book |
